Städte und Gemeinden im Landkreis Diepholz mit Karte - Statistiken

Allgemein
  • Dieses Quiz wurde 347 mal gespielt
  • Das Durchschnittsergebnis liegt bei 18 aus 45
Antworten auf der Karte
Die Antworten werden auf der Karte rot bzw. grün angezeigt, abhängig davon wie oft sie richtig erraten wurden.
 
Antwortstatistiken
Stadt oder Gemeinde % Korrekt
Diepholz
94%
Syke
76%
Bassum
72%
Sulingen
71%
Weyhe
70%
Stuhr
68%
Twistringen
68%
Lemförde
64%
Wagenfeld
59%
Barnstorf
54%
Rehden
52%
Drebber
51%
Lembruch
49%
Bruchhausen-Vilsen
47%
Kirchdorf
45%
Schwaförden
44%
Wetschen
40%
Asendorf
39%
Freistatt
37%
Ehrenburg
36%
Mellinghausen
36%
Brockum
34%
Schwarme
33%
Barver
32%
Hüde
32%
Barenburg
30%
Neuenkirchen
30%
Martfeld
29%
Scholen
29%
Drentwede
28%
Marl
26%
Siedenburg
26%
Borstel
25%
Dickel
25%
Eydelstedt
25%
Stemshorn
25%
Wehrbleck
25%
Affinghausen
24%
Bahrenborstel
24%
Quernheim
24%
Sudwalde
24%
Varrel
22%
Maasen
21%
Hemsloh
18%
Staffhorst
17%
Keine übereinstimmenden Quizze gefunden
Verteilung der Resultate
Anzahl Personen mit jedem Resultat
Perzentil nach korrekt beantworteten Fragen
Ihre Resultats-Entwicklung
Sie haben dieses Quiz noch nicht gespielt